| 000 | 01407cam a22003011i 4500 | ||
|---|---|---|---|
| 003 | SA-RiAUC | ||
| 005 | 20250204073358.0 | ||
| 008 | 250202s1992 su g 00000 ara c | ||
| 040 |
_aSA-MaUQU _bara _cSA-RiAUC _erda |
||
| 082 | 0 | 4 | _a252.3 |
| 090 |
_a252.3 _b ح م د |
||
| 100 | 1 |
_aالحمداني، نزار بن عبد الكريم بن سلطان _eمؤلف. |
|
| 245 | 1 | 0 |
_aفقه الإمام البخاري محمد بن إسماعيل بن إبراهيم من جامعه الصحيح : _bالصيام / _cإعداد نزار بن عبد الكريم الحمداني. |
| 250 | _aالطبعة الأولى. | ||
| 264 | 1 |
_aمكة المكرمة : _bجامعة أم القرى، _c1992 |
|
| 300 |
_a286 صفحة ؛ _c24 سم. |
||
| 336 |
_aنص _btxt _2rdacontent _3كتاب |
||
| 337 |
_aبدون وسيط _bn _2rdamedia |
||
| 338 |
_aمجلد _bnc _2rdacarrier |
||
| 440 | 0 |
_aسلسلة بحوث الدراسات الإسلامية _v18 |
|
| 600 | 1 | 7 |
_aالبخاري، محمد بن إسماعيل بن إبراهيم، _d194-256 هجري _2aucnm |
| 650 | 7 |
_aالصوم (إسلام) _2aucsh |
|
| 650 | 7 |
_aالعبادات (فقه إسلامي) _2aucsh |
|
| 700 | 1 | 2 |
_aالبخاري، محمد بن إسماعيل بن إبراهيم، _d194-256 هجري _tصحيح البخاري. |
| 740 | 2 | 2 | _aصحيح البخاري. |
| 942 |
_2ddc _cBOOK _n0 |
||
| 949 |
_aSA-JeALM _d250202 _uosman123 _n1 |
||
| 999 |
_c5558 _d5558 |
||